[Event "Elista-ch 7th"]
[Site "Elista"]
[Date "2009.07.10"]
[Round "8"]
[White "Kartaev, Boskhomdgi"]
[Black "Olenina, Aysa"]
[Result "0-1"]
[WhiteElo "1759"]
[BlackElo "1947"]
[PlyCount "62"]
[EventDate "2009.07.03"]
[EventType "tourn"]
[EventRounds "9"]
[EventCountry "RUS"]
[SourceTitle "EXT 2022"]
[Source "ChessBase"]
[SourceDate "2021.10.06"]
[SourceVersion "1"]
[SourceVersionDate "2021.10.06"]
[SourceQuality "1"]

1. e4 e5 2. Nf3 Nc6 3. Bc4 Bc5 4. 0-0 d6 5. c3 Nf6 6. d4 exd4 7. cxd4 Bb6 8. h3 0-0 9. Bg5 h6 10. Bh4 g5 11. Nxg5 hxg5 12. Bxg5 Bxd4 13. e5 dxe5 14. Qd3 Kg7 15. Nd2 Qd6 16. Qg3 Nh5 17. Bf6+ Kxf6 18. Ne4+ Ke7 19. Qg5+ Nf6 20. Qxf6+ Qxf6 21. Nxf6 Kxf6 22. Kh1 Be6 23. Bxe6 Kxe6 24. Rae1 f5 25. f4 e4 26. g4 Rad8 27. Kg2 Bxb2 28. Kg3 Rd3+ 29. Kh4 Bf6+ 30. Kh5 Rxh3+ 31. Kg6 Rg8# 0-1

[Event "Elista Elo-A"]
[Site "Elista"]
[Date "2008.01.06"]
[Round "5"]
[White "Kartaev, Boskhomdgi"]
[Black "Orgaev, Valery"]
[Result "0-1"]
[WhiteElo "1708"]
[BlackElo "1959"]
[PlyCount "54"]
[EventDate "2008.01.03"]
[EventType "tourn"]
[EventRounds "11"]
[EventCountry "RUS"]
[SourceTitle "EXT 2010"]
[Source "ChessBase"]
[SourceDate "2010.11.25"]
[SourceVersion "1"]
[SourceVersionDate "2010.11.25"]
[SourceQuality "1"]

1. e4 e6 2. d4 d5 3. e5 c5 4. c3 Nc6 5. Bb5 Bd7 6. Bxc6 Bxc6 7. Ne2 Qb6 8. 0-0 Nh6 9. Ng3 Ng8 10. a3 c4 11. Nd2 Ne7 12. b3 cxb3 13. Qxb3 Qxb3 14. Nxb3 Bb5 15. Re1 Nc6 16. f4 g6 17. a4 Bc4 18. Nd2 Na5 19. Ba3 Bxa3 20. Rxa3 Rc8 21. Ngf1 Bxf1 22. Rxf1 Ke7 23. Rf3 Rc6 24. Kf2 Rhc8 25. Ke2 Rb6 26. Kd1 Rb2 27. Kc1 Rxd2 0-1

[Event "Elista Elo-A"]
[Site "Elista"]
[Date "2008.01.04"]
[Round "3"]
[White "Kartaev, Boskhomdgi"]
[Black "Chub, Alexey"]
[Result "1-0"]
[WhiteElo "1708"]
[BlackElo "1682"]
[PlyCount "81"]
[EventDate "2008.01.03"]
[EventType "tourn"]
[EventRounds "11"]
[EventCountry "RUS"]
[SourceTitle "EXT 2010"]
[Source "ChessBase"]
[SourceDate "2010.11.25"]
[SourceVersion "1"]
[SourceVersionDate "2010.11.25"]
[SourceQuality "1"]

1. e4 c5 2. d4 cxd4 3. Qxd4 Nc6 4. Qa4 Nf6 5. Nc3 g6 6. Bg5 Bg7 7. Nf3 d6 8. e5 dxe5 9. Nxe5 Bd7 10. Nxd7 Qxd7 11. Rd1 Qc8 12. Be2 0-0 13. 0-0 a6 14. Qf4 Qe6 15. Bf3 Rad8 16. Rfe1 Rxd1 17. Rxd1 Rd8 18. Rxd8+ Nxd8 19. g3 Qd6 20. Qxd6 exd6 21. Nd5 Nxd5 22. Bxd8 Nb4 23. Bxb7 Bxb2 24. Be7 Nxa2 25. Bxd6 a5 26. c4 a4 27. c5 Ba3 28. Be7 Bb4 29. c6 Ba5 30. Bd6 a3 31. c7 Bxc7 32. Bxc7 Nb4 33. Be5 a2 34. Be4 f5 35. Bf3 Nd3 36. Ba1 Nb4 37. Bd1 Kf7 38. Kf1 Ke6 39. Ke2 Kd5 40. Bb3+ Ke4 41. f3# 1-0